000 01228nam a2200313Ia 4500
001 ebr10265976
003 CaPaEBR
006 m u
007 cr cn|||||||||
008 070413r19861984ilu sb 001 0 eng d
020 _z0226213005 (pbk.)
020 _z9780226213002 (pbk.)
040 _aCaPaEBR
_cCaPaEBR
035 _a(OCoLC)646784255
050 1 4 _aJK155
_b.E64 1986eb
100 1 _aEpstein, David F.
245 1 4 _aThe political theory of the Federalist
_h[electronic resource] /
_cDavid F. Epstein.
250 _aPbk. ed.
260 _aChicago :
_bUniversity of Chicago Press,
_c1986, 1984.
300 _aix, 234 p.
500 _a"Published 1984; paperback edition 1986"--T.p. verso.
504 _aIncludes bibliographical references and index.
533 _aElectronic reproduction.
_bPalo Alto, Calif. :
_cebrary,
_d2009.
_nAvailable via World Wide Web.
_nAccess may be limited to ebrary affiliated libraries.
630 0 0 _aFederalist.
650 0 _aPolitical science
_zUnited States
_xHistory.
655 7 _aElectronic books.
_2local
710 2 _aebrary, Inc.
856 4 0 _uhttp://site.ebrary.com/lib/rucke/Doc?id=10265976
_zAn electronic book accessible through the World Wide Web; click to view
999 _c10545
_d10545